Supplements to the 2nd edition (editor S. Coffey) of Rodd's Chemistry of carbon compounds /

Bibliographic Details
Other Authors: Rodd, E. H.
Format: Book
Language:English
Published: Amsterdam : Elsevier Scientific Pub. Co., 1975-
Subjects:

MARC

Tag First Indicator Second Indicator Subfields
LEADER 00000cam a2200000 4500
001 in00000071872
005 20151008062432.0
008 750918m19739999enka 00000 eng u
035 |a (OCoLC)01632675 
035 |9 AAK0222AM 
040 |c MIA  |d OCL  |d m/c  |d TXA  |d UtOrBLW 
049 |a TXAM  |d [  |v = v.  |p = pt.]  |v 1  |p AB [1137118]  |v 1  |p CD [1207214]  |v 1  |p E [804577]  |v 1  |p FG [803750]  |v 2  |p AB [1133992]  |v 2  |p  CE [1133993]  |v 3  |p A [1504852]  |v 3  |p BC [1501736]  |v 3  |p DF [1503397]  |v 3  |p FG [272437]  |v 3  |p H [A11676154]  |v 4  |p E [A13001656]  |v 4  |p F [A10976349]  |v 4  |p G [A10986378]  |v 4  |p H [A10976454]  |v 4  |p K [A12435462]  |v 4  |p L [A11676162] 
090 |a QD251  |b .R62 Suppl. 
245 0 0 |a Supplements to the 2nd edition (editor S. Coffey) of Rodd's Chemistry of carbon compounds /  |c edited by M. F. Ansell. 
264 1 |a Amsterdam :  |b Elsevier Scientific Pub. Co.,  |c 1975- 
300 |a volumes :  |b illustrations ;  |c 24 cm. 
336 |a text  |b txt  |2 rdacontent 
337 |a unmediated  |b n  |2 rdamedia 
338 |a volume  |b nc  |2 rdacarrier 
650 0 |a Chemistry, Organic. 
650 0 |a Carbon compounds. 
700 1 |a Rodd, E. H.  |t Rodd's Chemistry of carbon compounds. 
730 0 |a Rodd's Chemistry of carbon compounds. 
999 |a MARS 
999 f f |s 98bdcbde-404f-3fb2-9d1f-12afa9109247  |i 3540e5ee-166a-36a0-9fac-541b4078356c  |t 0 
952 f f |p ric  |a Texas A&M University  |b Rellis Campus  |c Joint Library Facility  |s JLF  |d Remote Storage  |t 0  |e QD251 .R62 Suppl.  |h Library of Congress classification  |i unmediated -- volume  |k v.4:pt.K  |m A14812435462 
952 f f |p ric  |a Texas A&M University  |b Rellis Campus  |c Joint Library Facility  |s JLF  |d Remote Storage  |t 0  |e QD251 .R62 Suppl.  |h Library of Congress classification  |i unmediated -- volume  |k v.4:pt.E  |m A14813001656 
952 f f |p ric  |a Texas A&M University  |b Rellis Campus  |c Joint Library Facility  |s JLF  |d Remote Storage  |t 0  |e QD251 .R62 Suppl.  |h Library of Congress classification  |i unmediated -- volume  |k v.4:pt.I/J  |m A14819484593 
952 f f |p ric  |a Texas A&M University  |b Rellis Campus  |c Joint Library Facility  |s JLF  |d Remote Storage  |t 0  |e QD251 .R62 Suppl.  |h Library of Congress classification  |i unmediated -- volume  |k v.4:pt.F  |m A14810976349 
952 f f |p ric  |a Texas A&M University  |b Rellis Campus  |c Joint Library Facility  |s JLF  |d Remote Storage  |t 0  |e QD251 .R62 Suppl.  |h Library of Congress classification  |i unmediated -- volume  |k v.4:pt.B  |m A14809548109 
952 f f |p ric  |a Texas A&M University  |b Rellis Campus  |c Joint Library Facility  |s JLF  |d Remote Storage  |t 0  |e QD251 .R62 Suppl.  |h Library of Congress classification  |i unmediated -- volume  |k v.2:pt.C/E  |m A14804691672 
952 f f |p ric  |a Texas A&M University  |b Rellis Campus  |c Joint Library Facility  |s JLF  |d Remote Storage  |t 0  |e QD251 .R62 Suppl.  |h Library of Congress classification  |i unmediated -- volume  |k v.1:pt.C/D  |m A14816876432 
952 f f |p ric  |a Texas A&M University  |b Rellis Campus  |c Joint Library Facility  |s JLF  |d Remote Storage  |t 0  |e QD251 .R62 Suppl.  |h Library of Congress classification  |i unmediated -- volume  |k v.2:pt.A/B  |m A14804691664 
952 f f |p normal  |a Texas A&M University  |b College Station  |c Sterling C. Evans Library  |s Evans stk  |d Evans: Library Stacks  |t 0  |e QD251 .R62 Suppl.  |h Library of Congress classification  |i unmediated -- volume  |k v.2:pt.A-B  |m A14806211282 
952 f f |p ric  |a Texas A&M University  |b Rellis Campus  |c Joint Library Facility  |s JLF  |d Remote Storage  |t 0  |e QD251 .R62 Suppl.  |h Library of Congress classification  |i unmediated -- volume  |k v.1:pt.E  |m A14807732346 
952 f f |p ric  |a Texas A&M University  |b Rellis Campus  |c Joint Library Facility  |s JLF  |d Remote Storage  |t 0  |e QD251 .R62 Suppl.  |h Library of Congress classification  |i unmediated -- volume  |k v.1:pt.F-G  |m A14807227008 
952 f f |p normal  |a Texas A&M University  |b College Station  |c Sterling C. Evans Library  |s Evans stk  |d Evans: Library Stacks  |t 0  |e QD251 .R62 Suppl.  |h Library of Congress classification  |i unmediated -- volume  |k v.2:pt.C-E  |m A14806211290 
952 f f |p ric  |a Texas A&M University  |b Rellis Campus  |c Joint Library Facility  |s JLF  |d Remote Storage  |t 0  |e QD251 .R62 Suppl.  |h Library of Congress classification  |i unmediated -- volume  |k v.4:pt.G  |m A14810986378 
952 f f |p ric  |a Texas A&M University  |b Rellis Campus  |c Joint Library Facility  |s JLF  |d Remote Storage  |t 0  |e QD251 .R62 Suppl.  |h Library of Congress classification  |i unmediated -- volume  |k v.3:pt.D-F  |m A14805970469 
952 f f |p ric  |a Texas A&M University  |b Rellis Campus  |c Joint Library Facility  |s JLF  |d Remote Storage  |t 0  |e QD251 .R62 Suppl.  |h Library of Congress classification  |i unmediated -- volume  |k v.3:pt.H  |m A14811676154 
952 f f |p ric  |a Texas A&M University  |b Rellis Campus  |c Joint Library Facility  |s JLF  |d Remote Storage  |t 0  |e QD251 .R62 Suppl.  |h Library of Congress classification  |i unmediated -- volume  |k v.1:pt.C-D  |m A14804691656 
952 f f |p ric  |a Texas A&M University  |b Rellis Campus  |c Joint Library Facility  |s JLF  |d Remote Storage  |t 0  |e QD251 .R62 Suppl.  |h Library of Congress classification  |i unmediated -- volume  |k v.3:pt.F/G  |m A14807902886 
952 f f |p ric  |a Texas A&M University  |b Rellis Campus  |c Joint Library Facility  |s JLF  |d Remote Storage  |t 0  |e QD251 .R62 Suppl.  |h Library of Congress classification  |i unmediated -- volume  |k v.4:pt.H  |m A14810976454 
952 f f |p ric  |a Texas A&M University  |b Rellis Campus  |c Joint Library Facility  |s JLF  |d Remote Storage  |t 0  |e QD251 .R62 Suppl.  |h Library of Congress classification  |i unmediated -- volume  |k v.4:pt.L  |m A14811676162 
952 f f |p normal  |a Texas A&M University  |b College Station  |c Sterling C. Evans Library  |s Evans stk  |d Evans: Library Stacks  |t 0  |e QD251 .R62 Suppl.  |h Library of Congress classification  |i unmediated -- volume  |k v.1:pt.A-B  |m A14806211266 
952 f f |p ric  |a Texas A&M University  |b Rellis Campus  |c Joint Library Facility  |s JLF  |d Remote Storage  |t 0  |e QD251 .R62 Suppl.  |h Library of Congress classification  |i unmediated -- volume  |k v.3:pt.A  |m A14806414505 
952 f f |p ric  |a Texas A&M University  |b Rellis Campus  |c Joint Library Facility  |s JLF  |d Remote Storage  |t 0  |e QD251 .R62 Suppl.  |h Library of Congress classification  |i unmediated -- volume  |k v.4:pt.A  |m A14808941249 
952 f f |p ric  |a Texas A&M University  |b Rellis Campus  |c Joint Library Facility  |s JLF  |d Remote Storage  |t 0  |e QD251 .R62 Suppl.  |h Library of Congress classification  |i unmediated -- volume  |k v.3:pt.B-C  |m A14852368464 
998 f f |a QD251 .R62 Suppl.  |s v.1:pt.C-D  |t 0  |l Remote Storage 
998 f f |a QD251 .R62 Suppl.  |s v.2:pt.A-v.2:pt.E  |t 0  |l Evans: Library Stacks 
998 f f |a QD251 .R62 Suppl.  |s v.4:pt.A-v.4:pt.B,v.4:pt.E-v.4:pt.L  |t 0  |l Remote Storage